000
00291nam a2200133Ia 4500
100
_a
Lindsey/ F.R.
650
_a
Fitter
942
_c
BK
654
_a
Pipe fitters
245
_a
Pipe fitters hand book
260
_b
Industrial Press
_a
New York
_c
1967
082
_a
696.2
546
_a
ENGLISH
999
_c
26170
_d
26170